| 000 | 00357nam a2200109Ia 4500 | ||
|---|---|---|---|
| 008 | 160531s9999 xx 000 0 und d | ||
| 100 | _aCornelissen, Cynthia Nau. | ||
| 245 | _aLippincott Illustrated Reviews Flash Cards: Microbiology | ||
| 245 | _cBy:Cynthia Nau Cornelissen | ||
| 260 | _c2015 | ||
| 856 | _uhttp://file.ebook777.com/009/LipIllRevFlaCarMic.pdf | ||
| 999 |
_c295316 _d295316 |
||